Statistiques concernant Pilote F1 sans "A" ni "E"

Cliquez ici pour prendre le quiz!

Statistiques générales

  • Ce quiz a été pris 30 fois
  • Le résultat moyen est 25 sur 57

Statistiques - réponses

LettrePilotePaysConstructeur% Correct
OconFranceManor, Force India, Racing Point, Mercedes (réserve)
Renault, Alpine
93%
LeclercMonacoSauber, Ferrari
89%
PerezMexiqueSauber, McLaren, Force India, Racing Point, Red Bull
89%
AlonsoEspagneMinardi, Renault, McLaren, Ferrari, Alpine, Aston Martin
85%
GaslyFranceToro Rosso, Red Bull, AlphaTauri, Alpine
85%
HamiltonRoyaume-UniMcLaren, Mercedes, Ferrari (2025)
81%
RicciardoAustralieHRT, Toro Rosso, Red Bull, McLaren, Renault, AlphaTauri
81%
SainzEspagneToro Rosso, Renault, McLaren, Ferrari
81%
StrollCanadaWilliams, Racing Point, Aston Martin
81%
ZhouChineSauber
81%
Pas de EAlbonThaïlandeToro Rosso, Red Bull, Williams
78%
RussellRoyaume-UniWilliams, Mercedes
78%
TsunodaJaponToro Rosso, AlphaTauri
78%
VettelAllemagneBMW Sauber, Toro Rosso, Red Bull, Ferrari, Aston Martin
78%
BottasFinlandeWilliams, Mercedes, Alfa Roméo, Sauber
74%
HulkenbergAllemagneSauber, Haas, Force India, Racing Point,
Williams, Renault, Aston Martin
70%
WebberAustralieMinardi, Jaguar, Williams, Red Bull
63%
KvyatRussieToro Rosso, Red Bull, AlphaTauri
59%
NorrisRoyaume-UniMcLaren
59%
PiastriAustralieMcLaren
56%
RosbergAllemagneWilliams, Mercedes
56%
de VriesPays-BasWilliams (remplacement), AlphaTauri
52%
GiovinazziItalieSauber, Alfa Roméo
52%
Ni A ni EButtonRoyaume-UniWilliams, Benetton, Renault, BAR, Honda, Brawn, McLaren
48%
LatifiCanadaWilliams
48%
BianchiFranceMarussia
44%
KubicaPologneSauber, Renault, Williams, Alfa Roméo
44%
LawsonNouvelle-ZélandeAlphaTauri (Remplacement)
44%
MassaBrésilSauber, Ferrari, Williams
44%
TrulliItalieMinardi, Prost, Jordan, Renault, Lotus, Toyota
41%
VergneFranceToro Rosso
37%
FittipaldiBrésilHaas
33%
GutierrezMexiqueSauber, Ferrari (réserve), Haas, Mercedes (réserve)
33%
KobayashiJaponToyota, Sauber, Caterham
33%
MaldonadoVenezuelaWilliams, Lotus
33%
Pas de ABuemiSuisseToro Rosso, Red Bull (3eme pilote)
30%
EricssonSuèdeSauber, Caterham
26%
PetrovRussieRenault, Caterham
26%
PicFranceMarussia, Caterham
22%
SirotkinRussieWilliams
22%
HeidfeldAllemagneProst, Sauber, BMW, Jordan, Renault, Williams
19%
NasrLiban-BrésilSauber
19%
ChandhokIndeHRT, Lotus
15%
D'AmbrosioBelgiqueVirgin, Lotus
15%
GlockAllemagneJordan, Toyota, Virgin, Marussia
15%
HaryantoIndonésieManor
15%
KlienAutricheJaguar, Red Bull, HRT
15%
LiuzziItalieRed Bull, Toro Rosso, Force India, HRT
15%
MerhiEspagneMarussia
15%
RossiÉtats-UnisMarussia
15%
SutilAllemagneSpyker, Force India, Sauber
15%
WehrleinAllemagneManor, Sauber
15%
Di GrassiBrésilVirgin
11%
StevensRoyaume-UniMarussia, Caterham
11%
YamamotoJaponSuper Aguri, Spyker, HRT
11%
ChiltonRoyaume-UniMarussia
7%
LottererAllemagneCaterham
7%

Distribution des résultats

Percentile par nombre de réponses

% des personnes avec chaque résultat

Votre développement - résultats

Vous n’avez pas pris ce quiz